| 000 | 00623nam a22001817a 4500 | ||
|---|---|---|---|
| 999 |
_c525740 _d525740 |
||
| 003 | NUST | ||
| 005 | 20190704072632.0 | ||
| 038 | _aFaiza | ||
| 082 |
_a891.4301 _bALA |
||
| 245 | _aSindhi , Siraiki , Kashmiri / | ||
| 260 |
_aIslamabad: _bAllama Iqbal Open University, _c2004. |
||
| 300 | _a356p. ; | ||
| 500 | _aPaper Cover | ||
| 710 |
_aDepartment of Pakistan Languages A.I.O.U Islamabad _916706 |
||
| 880 |
_6245-02\r _aسندھی، سرایئکی ، کشمیری / |
||
| 880 |
_6710-03\r _aشعبہ پاکستانی زبانیں علامہ اقبال اوپن یونیورسٹی اسلام آباد |
||
| 942 |
_2ddc _cBK |
||